Statistics for Top 15 Countries with Covid-19 Cases - 31 August

Click here to take the quiz!

General Stats

  • This quiz has been taken 18 times
  • The average score is 15 of 24

Answer Stats

country% Correct
Russia
94%
United States
94%
Brazil
89%
India
89%
United Kingdom
89%
Mexico
83%
Spain
78%
South Africa
72%
Argentina
61%
Colombia
61%
Iran
61%
Peru
61%
Chile
56%
Chile
56%
Bolivia
50%
Panama
50%
Qatar
50%
Saudi Arabia
50%
Bahrain
44%
Israel
44%
Kuwait
44%
Bangladesh
39%
Oman
39%
Armenia
17%

Score Distribution

Percentile by Number Answered

Percent of People with Each Score

Your Score History

You have not taken this quiz